South Eastern Kenya University

Library Online Public Access Catalogue


Applied mathematics for craft engineering (Record no. 699)

MARC details
000 -LEADER
fixed length control field 00501nam a22001457a 4500
020 ## - ISBN
International Standard Book Number 9966221263
050 ## - LIBRARY OF CONGRESS CALL NUMBER
Classification Number TA330
Item Number .A67 1996
245 ## - TITLE
Title Applied mathematics for craft engineering
Statement of responsibility, etc S.M. Uppal, Simon N. Gicharu, James Kamau A. N., H.M. Humpherys
260 ## - PUBLICATION, DISTRIBUTION, ETC.(IMPRINT)
Place of publication, distribution, etc Kenya; Nairobi:
Name of publisher, distributor, etc Jomo Kenyatta Foundation,
Date of publication, distribution, etc 1996.
300 ## - PHYSICAL DESCRIPTION
Extent 254p.:
500 ## - GENERALNOTE
General note Includes Revision exercises, table of contents
650 ## - SUBJECT--TOPIC
Form subdivision 1. Ratios and proportions. 2. Algebra
700 ## - ADDED ENTRY--PERSONAL AUTHOR
Personal Name Uppal, S.M. (et..al)
942 ## - ADDED ENTRY ELEMENTS(KOHA)
Koha item type General circulation
Holdings
Source of classification or shelving scheme Not for loan Location (home branch) Sublocation (holding branch) Date accessioned Cost, normal purchase price Full call number Barcode Copy number Cost, replacement price Koha item type Public note
Library of Congress Classification   Main Campus Library Main Campus Library 12/08/2014 490.00 TA 330 .A67 1996 2019/024818 C1 1000.00 General circulation sm
Library of Congress Classification   Main Campus Library Main Campus Library 12/08/2014 490.00 TA 330 .A67 1996 2019/024819 C2 1000.00 General circulation sm
Library of Congress Classification   Main Campus Library Main Campus Library 12/08/2014 490.00 TA 330 .A67 2019/024902   1000.00 General circulation sm
Kitui, Kenya.
+254736116989
library@seku.ac.ke